NCAA FOOTBALL COLLEGE LOGOS BY PICTURE - Statistics

General Stats
  • This quiz has been taken 2,243 times
  • The average score is 23 of 30
Answer Stats
Picture Answer % Correct
Vanderbilt
96%
BYU
94%
Arizona State
91%
UConn
91%
Army
89%
Rutgers
87%
Wyoming
86%
Buffalo
85%
Appalachian State
84%
Rice
83%
Fresno State
81%
Troy
81%
Ball State
78%
New Mexico
78%
Akron
77%
Coastal Carolina
76%
East Carolina
76%
San José State
75%
Florida Atlantic
74%
North Texas
71%
UTSA
70%
South Florida
69%
Miami (OH)
68%
Arkansas State
64%
Georgia State
64%
Texas State
64%
South Alabama
61%
Western Michigan
61%
Southern Miss
59%
Charlotte
54%
No matching quizzes found
Score Distribution
Percent of People with Each Score
Percentile by Number Answered
Your Score History
You have not taken this quiz